5HLuxD.jpg

KING HENRY VIII SENIOR AND PRIMARY SCHOOL LIBRARY OPAC

AMAZING BODIES (Record no. 4104)

000 -LEADER
fixed length control field 00278nam a22001097a 4500
008 - FIXED-LENGTH DATA ELEMENTS--GENERAL INFORMATION
fixed length control field 250121b ||||| |||| 00| 0 eng d
020 ## - INTERNATIONAL STANDARD BOOK NUMBER
International Standard Book Number 9780008520892
082 ## - DEWEY DECIMAL CLASSIFICATION NUMBER
Classification number 612 RON
100 ## - MAIN ENTRY--PERSONAL NAME
Personal name DR RONX
Relator term DR RONX
245 ## - TITLE STATEMENT
Title AMAZING BODIES
942 ## - ADDED ENTRY ELEMENTS (KOHA)
Source of classification or shelving scheme
Classification part 612 RON
Holdings
Withdrawn status Lost status Source of classification or shelving scheme Damaged status Not for loan Collection code Permanent Location Current Location Shelving location Date acquired Full call number Barcode Date last seen Price effective from Koha item type Public note
          Non-Fiction KH8 Primary School Library KH8 Primary School Library Non Fiction 2025-01-21 612 RON KHPL000005004 2025-12-05 2025-01-21 Books - Non Ficton KH8 PRIMARY LIBRARY

Powered By KH8 IT Dept